Hughes electrical and electronic technology (Record no. 12547)
[ view plain ]
| 000 -LEADER | |
|---|---|
| fixed length control field | 00427nam a22001577a 4500 |
| 020 ## - INTERNATIONAL STANDARD BOOK NUMBER | |
| International Standard Book Number | 9788131733660 |
| 082 ## - DEWEY DECIMAL CLASSIFICATION NUMBER | |
| Classification number | 621.3 HUG |
| 100 ## - MAIN ENTRY--PERSONAL NAME | |
| Personal name | Hughes, Edward, |
| 245 ## - TITLE STATEMENT | |
| Title | Hughes electrical and electronic technology |
| 250 ## - EDITION STATEMENT | |
| Edition statement | 10th ed. |
| 260 ## - PUBLICATION, DISTRIBUTION, ETC. | |
| Place of publication, distribution, etc. | New Delhi, India |
| Name of publisher, distributor, etc. | Pearson Education |
| Date of publication, distribution, etc. | 2011 |
| 300 ## - PHYSICAL DESCRIPTION | |
| Extent | xv, 1008 p. |
| Other physical details | ill. ; |
| 500 ## - GENERAL NOTE | |
| General note | Includes index. |
| 650 ## - SUBJECT ADDED ENTRY--TOPICAL TERM | |
| Topical term or geographic name entry element | 1. Electric engineering 2. Electronics |
| 942 ## - ADDED ENTRY ELEMENTS (KOHA) | |
| Koha item type | Book |
| Withdrawn status | Lost status | Damaged status | Not for loan | Collection code | Permanent Location | Current Location | Shelving location | Date acquired | Source of acquisition | Cost, normal purchase price | Total Checkouts | Total Renewals | Full call number | Barcode | Date last seen | Date last checked out | Price effective from | Koha item type |
|---|---|---|---|---|---|---|---|---|---|---|---|---|---|---|---|---|---|---|
| Central Library (CL) | Central Library (CL) | General Stacks | 12/27/2013 | Allied Book Company | 700.00 | 5 | 2 | 621.3 HUG | SEECS013045 | 03/09/2023 | 03/08/2023 | 01/07/2014 | Book |
